Bolígraf corporatiu
Descripción Física:
1 bolígraf
MARC
| LEADER | 00000nrm a2200000Ia 4500 | ||
|---|---|---|---|
| 001 | 22069 | ||
| 008 | 160829s9999 xx 000 0 cat d | ||
| 080 | |a NBM-4-1 | ||
| 245 | |a Bolígraf corporatiu |h [Bolígraf] | ||
| 260 | |a Barcelona : |b Diputació de Barcelona, |c [2007] | ||
| 300 | |a 1 bolígraf | ||
| 650 | 0 | |9 53460 |a Bolígrafs | |
| 650 | 0 | |9 54098 |a Objectes publicitaris | |
| 710 | 1 | |a Barcelona (Catalunya : Província). |b Diputació |9 52408 | |
| 901 | |a Arxiu | ||
| 942 | |n 1 |2 udc | ||
| 952 | |0 0 |1 0 |4 0 |6 NBM41 |7 1 |9 49032 |a Arxiu |b Arxiu |d 2016-12-01 |l 0 |o NBM-4-1 |p 22069 |r 2016-12-01 00:00:00 |w 2016-12-01 |y ARXIU | ||
| 999 | |c 52868 |d 52868 | ||